00365nam a22001337a 4500008004100000040005500041080001200096100002700108245001300135260004900148300001000197650001200207653001200219230511b |||||||| |||| 00| 0 eng d aNational Science LibrarycNational Science Library a575bK8 aStrickberger, Monroe W aGenetics aNew York: bThe Macmillan Company, c1968 a868p. aScience aBiology